00608nam a2200181Ia 4500008004100000020001800041041000800059082001500067100002600082245002600108260002500134300000800159365001600167700002600183906005100209999001900260952014700279230718s9999 xx 000 0 und d a9780007156108 aeng a813.6bWEI aWeisberger L.9117419 aChasing Harry Winston c2008bHarper Collins a280 cRs.b195.00 aWeisberger L.9117419 dO:0083229-Apr-2010B:371429-Mar-2010cGENRLb39 c324860d324860 00104070aCCEPbCCEPd2010-04-29eTbsfGENRLg156.00i3714l0o813.6pCCEP-BK-36067r2023-07-18 00:00:00t39v195.00w2010-03-29yBKz036067